An investigation into translating stylistic devices in “Cho tôi xin một vé đi tuổi thơ” by Nguyễn Nhật Ánh into English in “Ticket to childhood” by William Naythons

Introduction; Literature review and theoretical background; Research methodos; ...

Na minha lista:
Detalhes bibliográficos
Autor principal: Võ, Thị Vân Vân.
Outros Autores: Lê Tấn Thi, Ph.D. (Supervisor.)
Formato: Livro
Idioma:English
Publicado em: Đà Nẵng : The University of Da Nang, 2016.
Assuntos:
Tags: Adicionar Tag
Sem tags, seja o primeiro a adicionar uma tag!
Thư viện lưu trữ: Mạng thư viện Đại học Đà Nẵng
LEADER 03266cam a22003971a 4500
001 000041155
003 17451
005 20240423094528.0
008 170303s2016 vm 000 eng
040 |a LNN 
041 |a eng 
082 |a 808  |b VO-V 
100 1 |a Võ, Thị Vân Vân. 
245 1 0 |a An investigation into translating stylistic devices in “Cho tôi xin một vé đi tuổi thơ” by Nguyễn Nhật Ánh into English in “Ticket to childhood” by William Naythons  |h [Thesis_Luận văn thạc sĩ ] /  |c Võ Thị Vân Vân ; Lê Tấn Thi hướng dẫn. 
246 0 |a Nghiên cứu cách dịch các biện pháp tu từ tiếng Việt trong tác phẩm "Cho tôi một vé tuổi thơ" của tác giả Nguyễn Nhật Ánh sang tiếng Anh trong bản dịch "Ticket to childhood" của tác giả William Naythons. 
260 |a Đà Nẵng :  |b The University of Da Nang,  |c 2016. 
300 |a 1CD.  |a 2pdf. (128 p. & 26 p. ) ;  |c 4 3/4 in. 
500 |a Master thesis in social sciences and humanities. Major: The English linguistics. Code: 60.22.02.01. 
504 |a Includes appendixes and references. 
520 3 |a Introduction; Literature review and theoretical background; Research methodos; ... 
630 0 4 |a The English linguistics. 
700 1 |a Lê Tấn Thi,  |c Ph.D.,  |e Supervisor. 
OWN |a LNN 
AVA |a UDN50  |b LNN  |c English  |d 808 VO-V  |e available  |t Error 5001 Not defined in file expand_doc_bib_avail.  |f 1  |g 0  |h N  |i 0  |j AN  |k 1 
Z40 3 |y AN INVESTIGATION INTO TRANSLATING STYLISTIC DEVICES IN " CHO TÔI XIN MỘT VÉ ĐI TUỔI THƠ" BY  |l Library of UFL  |t VIEW  |x http://catalog.udn.vn:80/F?func=service&doc_library=UDN01&local_base=UDN01&doc_number=000041155&sequence=000001&line_number=0001&func_code=DB_RECORDS&service_type=MEDIA  |f TOMTAT_000008091.pdf  |e pdf  |s 000684326  |k 20200913  |m NTMTHI 
Z40 3 |y AN INVESTIGATION INTO TRANSLATING STYLISTIC DEVICES IN " CHO TÔI XIN MỘT VÉ ĐI TUỔI THƠ" BY  |l Library of UFL  |t VIEW  |x http://catalog.udn.vn:80/F?func=service&doc_library=UDN01&local_base=UDN01&doc_number=000041155&sequence=000002&line_number=0002&func_code=DB_RECORDS&service_type=MEDIA  |f LUANVAN_000008093.pdf  |e pdf  |s 001583806  |k 20200913  |m NTMTHI 
999 |a From the UDN01 
AVA |a UDN50  |b LNN  |c English  |d 808 VO-V  |e available  |t Error 5001 Not defined in file expand_doc_bib_avail.  |f 1  |g 0  |h N  |i 0  |j AN  |k 1 
TYP |a Monograph 
TYP |a Printed language 
856 |y AN INVESTIGATION INTO TRANSLATING STYLISTIC DEVICES IN " CHO TÔI XIN MỘT VÉ ĐI TUỔI THƠ" BY  |l Library of UFL  |t VIEW  |x http://catalog.udn.vn:80/F?func=service&doc_library=UDN01&local_base=UDN01&doc_number=000041155&sequence=000001&line_number=0001&func_code=DB_RECORDS&service_type=MEDIA  |f TOMTAT_000008091.pdf  |e pdf  |s 000684326  |k 20200913  |m NTMTHI 
856 |y AN INVESTIGATION INTO TRANSLATING STYLISTIC DEVICES IN " CHO TÔI XIN MỘT VÉ ĐI TUỔI THƠ" BY  |l Library of UFL  |t VIEW  |x http://catalog.udn.vn:80/F?func=service&doc_library=UDN01&local_base=UDN01&doc_number=000041155&sequence=000002&line_number=0002&func_code=DB_RECORDS&service_type=MEDIA  |f LUANVAN_000008093.pdf  |e pdf  |s 001583806  |k 20200913  |m NTMTHI 
980 |a Mạng thư viện Đại học Đà Nẵng